Wordt geladen...

Essentials of automated acquisition

Bibliografische gegevens
Hoofdauteur: Padmajam, C K; Author
Formaat: Printed Book
Gepubliceerd in: New Delhi, Ess Ess Publications 2002
Onderwerpen:
LEADER 006400000a22002170004500
020 |a 81-7000-329-6 
082 |a 025.202 85 P2 
100 |a Padmajam, C K; Author 
245 |a Essentials of automated acquisition 
250
260 |a New Delhi, Ess Ess Publications 
260 |c 2002 
460 |a iv,331 
465 |a Rs.675.00 
500 |a C K Padmajam 
500 |a Includes index 
650 |a Acquisitions ( Libraries) 
650 |a Automation 
942 |c BK 
999 |c 31627  |d 31627 
952 |0 0  |1 0  |4 0  |6 025_202000000000000_85_P2  |7 0  |8 ENG  |9 31731  |a MGUL  |b MGUL  |d 2013-07-16  |e Rs.675.00  |l 0  |o 025.202 85 P2  |p 32190  |r 2013-07-16  |w 2013-07-16  |y BK